Leader xxxxxxxxxx
001 __ PCLIS00052313
005 __ 20221019122546.0
010 0_ |a978-986-177-568-5|b平裝|dNT$250
042 __ |anbic
100 __ |a20120522e20121998m y0chiy09 e
101 0_ |achi
102 __ |atw
105 __ |ay z 000cd
200 1_ |a漂流監獄|dFloating prison|zeng|e站在漂流海面上的監獄,與海、魚、鯨展開對話。|f廖鴻基著
205 __ |a二版
210 __ |a臺中市|c晨星出版|d2012[民101]
215 0_ |a233面|d21公分
225 2_ |a自然公園|i海洋文學|v38
225 1_ |a海洋文學|v38
300 __ |a附錄: 凋零海洋, 願做大海的新郎─漁夫作家廖鴻基
410 _0 |12001 |a自然公園|i海洋文學|v38
510 1_ |aFloating prison|zeng
517 1_ |a站在漂流海面上的監獄,與海、魚、鯨展開對話。|zchi
517 1_ |a站在漂流海面上的監獄,與海.魚.鯨展開對話|zchi
606 __ |2cst|a散文
681 __ |a855|b8524
681 __ |a855|b0034-2
700 _1 |a廖|b鴻基|f1957- |4著
801 _0 |atw|bNDHU|c20120830|gCCR
801 _1 |atw|b內湖高中|c20180713|gCCR
801 _1 |atw|b內湖高中|c20221019|gCCR
|